[Event "George Trundle NZ Qualifiers 2017"]
[Site "Auckland, NZL"]
[Date "2017.10.01"]
[Round "2.1"]
[White "Macdonald, Paul"]
[Black "Nicholls, Leighton"]
[Result "1-0"]
[BlackElo "1902"]
[WhiteElo "2033"]
[LiveChessVersion "1.4.8"]

1. b3 {[%clk 1:30:58]} e5 {[%clk 1:30:43]} 2. Bb2 {[%clk 1:31:21]} Nc6
{[%clk 1:31:04]} 3. e4 {[%clk 1:31:30]} Nf6 {[%clk 1:30:24]} 4. Nf3
{[%clk 1:31:40]} d6 {[%clk 1:27:23]} 5. Nc3 {[%clk 1:32:00]} Be7 {[%clk 1:26:17]}
6. Bb5 {[%clk 1:31:42]} O-O {[%clk 1:25:11]} 7. Bxc6 {[%clk 1:29:18]} bxc6
{[%clk 1:25:38]} 8. d4 {[%clk 1:29:47]} exd4 {[%clk 1:18:12]} 9. Nxd4
{[%clk 1:24:40]} c5 {[%clk 1:15:45]} 10. Nc6 {[%clk 1:11:52]} Qd7
{[%clk 1:15:50]} 11. Nxe7+ {[%clk 1:11:25]} Qxe7 {[%clk 1:16:16]} 12. O-O
{[%clk 1:11:42]} Ba6 {[%clk 1:07:31]} 13. Re1 {[%clk 1:11:49]} Rfe8
{[%clk 1:06:56]} 14. Qd2 {[%clk 0:58:39]} Rad8 {[%clk 0:59:31]} 15. Nd5
{[%clk 0:55:52]} Nxd5 {[%clk 0:58:38]} 16. exd5 {[%clk 0:56:19]} Qh4
{[%clk 0:56:33]} 17. c4 {[%clk 0:44:42]} Bc8 {[%clk 0:48:40]} 18. Qa5
{[%clk 0:44:55]} Qg5 {[%clk 0:40:40]} 19. Qxc7 {[%clk 0:33:39]} Bh3
{[%clk 0:34:07]} 20. g3 {[%clk 0:34:08]} Qd2 {[%clk 0:33:51]} 21. Re7
{[%clk 0:34:19]} Qxb2 {[%clk 0:27:23]} 22. Rae1 {[%clk 0:34:37]} Bd7
{[%clk 0:20:05]} 23. Qxd7 {[%clk 0:35:00]} 1-0

[Event "George Trundle NZ Qualifiers 2017"]
[Site "Auckland, NZL"]
[Date "2017.10.01"]
[Round "2.2"]
[White "James, Jack"]
[Black "Milligan, Helen"]
[Result "1-0"]
[BlackElo "2007"]
[WhiteElo "2062"]
[LiveChessVersion "1.4.8"]

1. d4 {[%clk 1:30:54]} Nf6 {[%clk 1:30:54]} 2. c4 {[%clk 1:31:19]} g6
{[%clk 1:31:20]} 3. Nc3 {[%clk 1:31:31]} Bg7 {[%clk 1:31:41]} 4. e4
{[%clk 1:31:55]} d6 {[%clk 1:32:07]} 5. f3 {[%clk 1:32:20]} O-O {[%clk 1:32:31]}
6. Be3 {[%clk 1:32:44]} e5 {[%clk 1:30:47]} 7. Nge2 {[%clk 1:33:08]} Nbd7
{[%clk 1:29:11]} 8. d5 {[%clk 1:32:34]} Nh5 {[%clk 1:24:30]} 9. Qd2
{[%clk 1:29:27]} f5 {[%clk 1:23:06]} 10. O-O-O {[%clk 1:29:31]} Ndf6
{[%clk 1:19:31]} 11. h3 {[%clk 1:26:38]} f4 {[%clk 1:17:19]} 12. Bf2
{[%clk 1:27:01]} Rf7 {[%clk 1:14:04]} 13. Kb1 {[%clk 1:25:39]} a6
{[%clk 1:10:55]} 14. Rg1 {[%clk 1:21:21]} Qf8 {[%clk 1:08:37]} 15. Nc1
{[%clk 1:15:45]} Ng3 {[%clk 1:05:14]} 16. Bd3 {[%clk 1:15:11]} Kh8
{[%clk 1:01:21]} 17. Bc2 {[%clk 1:10:14]} Bd7 {[%clk 0:56:56]} 18. Nd3
{[%clk 1:04:19]} c6 {[%clk 0:52:51]} 19. dxc6 {[%clk 0:51:19]} bxc6
{[%clk 0:52:50]} 20. c5 {[%clk 0:51:20]} Be6 {[%clk 0:41:28]} 21. cxd6
{[%clk 0:48:51]} Rb8 {[%clk 0:35:59]} 22. Nc5 {[%clk 0:44:03]} Bc4
{[%clk 0:31:10]} 23. d7 {[%clk 0:42:41]} Qd8 {[%clk 0:31:15]} 24. b3
{[%clk 0:40:41]} Bf8 {[%clk 0:30:35]} 25. Ka1 {[%clk 0:35:06]} Bxc5
{[%clk 0:30:03]} 26. Bxc5 {[%clk 0:35:29]} Rxd7 {[%clk 0:28:50]} 27. Qe1
{[%clk 0:34:45]} Bd3 {[%clk 0:25:59]} 28. Kb2 {[%clk 0:33:58]} Kg7
{[%clk 0:24:25]} 29. Qf2 {[%clk 0:29:47]} Bxc2 {[%clk 0:21:08]} 30. Kxc2
{[%clk 0:30:08]} Rbb7 {[%clk 0:21:18]} 31. Na4 {[%clk 0:28:23]} Rxd1
{[%clk 0:21:19]} 32. Rxd1 {[%clk 0:28:47]} Rd7 {[%clk 0:21:39]} 33. Rxd7+
{[%clk 0:27:45]} Qxd7 {[%clk 0:21:44]} 34. Nb6 {[%clk 0:27:05]} Qd8
{[%clk 0:21:48]} 35. Nc4 {[%clk 0:27:13]} Nd7 {[%clk 0:18:03]} 36. Qd2
{[%clk 0:26:29]} Qe8 {[%clk 0:18:16]} 37. Ba3 {[%clk 0:24:42]} Qe6
{[%clk 0:16:52]} 38. Nxe5 {[%clk 0:18:59]} Nxe5 {[%clk 0:13:41]} 39. Qxf4
{[%clk 0:19:07]} Nf5 {[%clk 0:06:48]} 40. Bb2 {[%clk 0:49:13]} Kf6
{[%clk 0:32:32]} 41. exf5 {[%clk 0:48:45]} Qxf5+ {[%clk 0:32:39]} 42. Qxf5+
{[%clk 0:47:16]} Kxf5 {[%clk 0:32:52]} 43. Bxe5 {[%clk 0:39:45]} Kxe5
{[%clk 0:33:19]} 44. g3 {[%clk 0:40:08]} h5 {[%clk 0:33:43]} 45. h4
{[%clk 0:40:06]} Kd4 {[%clk 0:33:29]} 46. Kd2 {[%clk 0:40:19]} c5
{[%clk 0:33:08]} 47. Ke2 {[%clk 0:35:58]} a5 {[%clk 0:32:01]} 48. Kd2
{[%clk 0:35:11]} c4 {[%clk 0:31:45]} 49. bxc4 {[%clk 0:35:18]} Kxc4
{[%clk 0:31:56]} 50. Ke3 {[%clk 0:35:30]} a4 {[%clk 0:30:41]} 51. g4
{[%clk 0:35:26]} a3 {[%clk 0:25:35]} 52. gxh5 {[%clk 0:35:35]} gxh5
{[%clk 0:25:59]} 53. f4 {[%clk 0:35:47]} Kd5 {[%clk 0:25:53]} 54. Kd3
{[%clk 0:36:01]} Kd6 {[%clk 0:26:06]} 55. Ke4 {[%clk 0:35:51]} Ke6
{[%clk 0:26:18]} 56. f5+ {[%clk 0:36:04]} Kf6 {[%clk 0:26:43]} 57. Kf4
{[%clk 0:36:30]} Kf7 {[%clk 0:24:59]} 58. Kg5 {[%clk 0:36:53]} Kg7
{[%clk 0:25:25]} 59. Kxh5 {[%clk 0:37:17]} Kf6 {[%clk 0:24:52]} 60. Kg4
{[%clk 0:37:37]} Kf7 {[%clk 0:25:17]} 61. h5 {[%clk 0:37:45]} Kg8
{[%clk 0:25:31]} 62. Kg5 {[%clk 0:37:33]} Kg7 {[%clk 0:25:57]} 63. h6+
{[%clk 0:37:26]} Kf7 {[%clk 0:26:09]} 64. h7 {[%clk 0:37:38]} Kg7
{[%clk 0:26:33]} 65. h8=N 1-0

[Event "George Trundle Qualifiers 2017"]
[Site "Auckland NZL"]
[Date "2017.10.01" ]
[Round "2.3"]
[White "Goodhue, Nathan"]
[WhiteFideId "4300947"]
[Black "Fan, Allen Chi Zhou"]
[WhiteFideId "4304128"]
[Result "1/2-1/2"]
[WhiteElo "1976"]
[BlackElo "2077"]
[PlyCount "128"]
[EventDate "2017.09.30"]
[SourceDate ""]

1. Nf3 c5 2. b3 Nc6 3. Bb2 e6 4. e3 b6 5. g3 Bb7 6. Bg2 Nf6 7. O-O Be7 8. c4
O-O 9. d4 d5 10. cxd5 Nxd5 11. dxc5 Bxc5 12. a3 Qc7 13. e4 Nf6 14. b4 Be7 15.
Qe2 Rad8 16. Nc3 Qb8 17. Rfd1 Qa8 18. Rxd8 Rxd8 19. Rd1 Rc8 20. Rd3 h6 21. h3
Nxb4 22. axb4 Bxb4 23. e5 Nd5 24. Nxd5 Bxd5 25. Nh4 Bxg2 26. Nxg2 a5 27. Qf3 b5
28. Qxa8 Rxa8 29. Ne3 Kf8 30. Kf1 Ke7 31. Ke2 Rc8 32. Ba3 Bxa3 33. Rxa3 a4 34.
Kd2 Rc5 35. f4 Kd7 36. Rd3+ Kc7 37. Rd6 g5 38. Nc2 gxf4 39. gxf4 Rc4 40. Rd4
Rxd4+ 41. Nxd4 Kb6 42. f5 exf5 43. Nxf5 h5 44. Nd4 Kc5 45. e6 fxe6 46. Nxe6+
Kc4 47. h4 b4 48. Nf4 Kb3 49. Nd3 Kc4 50. Ne5+ Kd5 51. Nd3 b3 52. Kc3 Ke4 53.
Nc5+ Kf5 54. Nxa4 Kg4 55. Kd2 Kxh4 56. Ke1 Kg3 57. Kf1 Kf3 58. Kg1 Ke3 59. Kh2
Kd4 60. Kh3 Kc4 61. Kh4 Kb4 62. Nb2 Ka3 63. Nc4+ Kb4 64. Nb2 Kc3 1/2-1/2

[Event "George Trundle Qualifiers 2017"]
[Site "Auckland NZL"]
[Date "2017.10.01" ]
[Round "2.4"]
[White "Morrell, Gordon"]
[WhiteFideId "2601958"]
[Black "Zhang, Jasmine Haomo"]
[WhiteFideId "4304632"]
[Result "1-0"]
[WhiteElo "2030"]
[BlackElo "1826"]
[PlyCount "35"]
[EventDate "2017.09.30"]
[SourceDate ""]

1. c4 e6 2. e4 g6 3. d4 Bg7 4. Nc3 Ne7 5. Be3 d5 6. f3 O-O 7. cxd5 exd5 8. Qd2
Nbc6 9. O-O-O dxe4 10. fxe4 Bg4 11. Nf3 f5 12. h3 fxe4 13. Bc4+ Kh8 14. hxg4
Bf6 15. Ng5 Bxg5 16. Bxg5 Qd7 17. Rxh7+ Kxh7 18. Rh1+ 1-0

[Event "George Trundle NZ Qualifiers 2017"]
[Site "Auckland, NZL"]
[Date "2017.10.01"]
[Round "2.5"]
[White "Nyberg, Michael"]
[Black "Polishchuk, Kirill"]
[Result "0-1"]
[BlackElo "2134"]
[WhiteElo "1881"]
[LiveChessVersion "1.4.8"]

1. d4 {[%clk 1:30:06]} Nf6 {[%clk 1:30:54]} 2. Nf3 {[%clk 1:30:29]} c5
{[%clk 1:30:54]} 3. e3 {[%clk 1:30:36]} e6 {[%clk 1:30:45]} 4. Bd3
{[%clk 1:30:38]} b6 {[%clk 1:30:18]} 5. c3 {[%clk 1:29:59]} Bb7 {[%clk 1:30:22]}
6. Nbd2 {[%clk 1:30:11]} Qc7 {[%clk 1:28:39]} 7. Qe2 {[%clk 1:28:52]} Nc6
{[%clk 1:27:02]} 8. O-O {[%clk 1:25:37]} d5 {[%clk 1:15:44]} 9. Re1
{[%clk 1:21:18]} Rd8 {[%clk 1:08:26]} 10. b3 {[%clk 1:17:09]} Be7
{[%clk 1:06:29]} 11. Bb2 {[%clk 1:16:55]} O-O {[%clk 1:05:53]} 12. Rac1
{[%clk 1:16:47]} e5 {[%clk 0:58:26]} 13. dxe5 {[%clk 1:08:03]} Nxe5
{[%clk 0:58:01]} 14. Bb1 {[%clk 1:05:54]} Ng6 {[%clk 0:56:53]} 15. c4
{[%clk 1:05:24]} Rfe8 {[%clk 0:54:33]} 16. cxd5 {[%clk 1:02:15]} Nxd5
{[%clk 0:51:36]} 17. Nc4 {[%clk 0:51:51]} Bf6 {[%clk 0:49:10]} 18. Bxg6
{[%clk 0:49:29]} hxg6 {[%clk 0:48:01]} 19. Bxf6 {[%clk 0:47:56]} Nxf6
{[%clk 0:47:56]} 20. Red1 {[%clk 0:47:29]} Nd5 {[%clk 0:46:07]} 21. Qb2
{[%clk 0:43:42]} Nb4 {[%clk 0:40:50]} 22. Ne1 {[%clk 0:42:44]} Qc6
{[%clk 0:35:49]} 23. Qe2 {[%clk 0:38:38]} Nd5 {[%clk 0:32:52]} 24. Qf3
{[%clk 0:35:38]} Qe6 {[%clk 0:31:55]} 25. Qe2 {[%clk 0:15:16]} Qf6
{[%clk 0:30:13]} 26. Qb2 {[%clk 0:14:46]} Qe6 {[%clk 0:24:48]} 27. Nf3
{[%clk 0:12:55]} Nb4 {[%clk 0:17:22]} 28. Ne1 {[%clk 0:10:26]} Qc6
{[%clk 0:13:06]} 29. Ne5 {[%clk 0:09:29]} Qe4 {[%clk 0:10:06]} 30. N5f3
{[%clk 0:08:35]} Qg4 {[%clk 0:08:43]} 31. h3 {[%clk 0:08:32]} Qf5
{[%clk 0:08:36]} 32. Qe2 {[%clk 0:06:03]} Ba6 {[%clk 0:06:56]} 33. Qb2
{[%clk 0:06:06]} g5 {[%clk 0:06:58]} 34. a3 {[%clk 0:05:01]} Nd5 {[%clk 0:04:46]}
35. Nh2 {[%clk 0:01:54]} Nf6 {[%clk 0:04:56]} 36. Nef3 {[%clk 0:02:05]} Bb7
{[%clk 0:04:53]} 37. Qc3 {[%clk 0:01:06]} g4 {[%clk 0:04:55]} 38. hxg4
{[%clk 0:01:19]} Nxg4 {[%clk 0:05:06]} 39. Qc4 {[%clk 0:00:47]} Nxh2
{[%clk 0:03:44]} 40. Nxh2 {[%clk 0:30:56]} Bd5 {[%clk 0:33:24]} 41. Qh4
{[%clk 0:28:47]} g5 {[%clk 0:29:56]} 42. Qa4 {[%clk 0:24:43]} a5 {[%clk 0:24:08]}
43. Nf1 {[%clk 0:22:00]} Qe6 {[%clk 0:22:39]} 44. Nd2 {[%clk 0:21:47]} Rd7
{[%clk 0:19:51]} 45. Nf3 {[%clk 0:17:37]} Red8 {[%clk 0:08:22]} 46. Nxg5
{[%clk 0:16:21]} Qg6 {[%clk 0:08:03]} 47. e4 {[%clk 0:14:36]} Bc6
{[%clk 0:07:11]} 48. Rxd7 {[%clk 0:13:53]} Rxd7 {[%clk 0:07:09]} 49. Qc4
{[%clk 0:13:22]} Qxg5 {[%clk 0:07:29]} 50. Re1 {[%clk 0:13:23]} Rd4
{[%clk 0:07:13]} 51. Qa6 {[%clk 0:13:26]} Rxe4 {[%clk 0:04:11]} 52. Rxe4
{[%clk 0:11:54]} Bxe4 {[%clk 0:04:30]} 53. Qc8+ {[%clk 0:12:20]} Kg7
{[%clk 0:04:48]} 54. Qh3 {[%clk 0:12:40]} Qxg2+ {[%clk 0:03:50]} 55. Qxg2+
{[%clk 0:13:00]} Bxg2 {[%clk 0:04:17]} 56. Kxg2 {[%clk 0:13:22]} Kf6
{[%clk 0:04:43]} 57. Kf3 {[%clk 0:13:47]} Ke5 {[%clk 0:05:10]} 58. Ke3
{[%clk 0:14:13]} b5 {[%clk 0:04:50]} 59. Kd3 {[%clk 0:13:22]} Kd5
{[%clk 0:04:54]} 60. f3 {[%clk 0:12:46]} f5 {[%clk 0:04:53]} 61. Ke3
{[%clk 0:12:02]} c4 {[%clk 0:04:46]} 62. bxc4+ {[%clk 0:12:11]} bxc4
{[%clk 0:04:47]} 63. Kf4 {[%clk 0:11:41]} c3 {[%clk 0:04:56]} 64. Ke3
{[%clk 0:11:13]} Kc4 {[%clk 0:05:19]} 0-1